00662nam a2200193Ia 4500008004100000020001500041082001500056100004800071245004100119250000800160260004200168300002900210500001900239600002100258650005000279942000700329952011700336999001500453240925s9999 xx 000 0 und d a8178084872 a004.01 LEW aHarry, R. Lewis; Papadimitriou ,Christos H. 0aElement of The Theory of Computation a2nd aSingapore:bPearson educationc,2001. axxxi,991p.bNAfOriginal aIncludes Index aComputer Science aComputer science, information & general works cBK 001040708CSaUITUbUITUd2002-09-03eF.B.Cg393.00l0o004.01 LEWpQ4560r2024-09-25 07:13:33w2024-09-25yBK c7059d7059